[Event "Scarborough CC Fall Swiss"]
[Site "Toronto CAN"]
[Date "2008.10.30"]
[Round "1"]
[White "Beal, Greg"]
[Black "Morrison, Kyle"]
[Result "1/2-1/2"]
[WhiteElo "1829"]
[BlackElo "2244"]
[PlyCount "84"]
[GameId "2160767910294533"]
[EventDate "2008.10.30"]
[EventType "swiss"]
[EventRounds "8"]
[EventCountry "CAN"]

1. e4 c5 2. Nf3 d6 3. d4 cxd4 4. Nxd4 Nf6 5. Nc3 a6 6. Bg5 e6 7. f4 Nbd7 8. Qf3 Qc7 9. O-O-O b5 10. g4 b4 11. Nd5 exd5 12. exd5 Bb7 13. Re1+ Kd8 14. Qe2 Qa5 15. Nc6+ Bxc6 16. dxc6 b3 17. a3 Nc5 18. Bxf6+ gxf6 19. Qe8+ Kc7 20. Qxf7+ Kb6 21. Bg2 bxc2 22. Re3 Ra7 23. Qd5 Qa4 24. b4 Rc7 25. bxc5+ Ka7 26. cxd6 Qxf4 27. Qc5+ Ka8 28. Qb6 Bxd6 29. Qxa6+ Kb8 30. Qb6+ Kc8 31. Qa6+ Kd8 32. Qa8+ Rc8 33. Qa7 Rc7 34. Qb8+ Rc8 35. Qb6+ Bc7 36. Qb3 Re8 37. Rhe1 Rxe3 38. Rxe3 Be5 39. Kxc2 Qf2+ 40. Kc1 Qg1+ 41. Qd1+ Qxd1+ 42. Kxd1 Bxh2 1/2-1/2

[Event "Scarborough CC Fall Swiss"]
[Site "Toronto CAN"]
[Date "2008.10.30"]
[Round "1"]
[White "Bellomo, Joe"]
[Black "Moffat, Andrei"]
[Result "1-0"]
[WhiteElo "1774"]
[BlackElo "2144"]
[PlyCount "97"]
[GameId "2160767910294534"]
[EventDate "2008.10.30"]
[EventType "swiss"]
[EventRounds "8"]
[EventCountry "CAN"]
[SourceTitle "EXT 2011"]
[Source "ChessBase"]
[SourceDate "2011.11.26"]
[SourceVersion "1"]
[SourceVersionDate "2011.11.26"]
[SourceQuality "1"]

1. e4 c5 2. Nf3 a6 3. d4 cxd4 4. Nxd4 Nf6 5. Nc3 e5 6. Nb3 Bb4 7. Bd3 d5 8. exd5 e4 9. Be2 Nxd5 10. Bd2 Nxc3 11. bxc3 Bd6 12. O-O Nc6 13. Re1 O-O 14. Bf1 Bf5 15. Nd4 Bg6 16. Be3 Qc7 17. g3 Ne5 18. Rb1 Rfe8 19. Qc1 b5 20. Rb3 Rac8 21. Bh3 Rcd8 22. Bg2 Nc4 23. Bg5 f6 24. Be3 f5 25. Bg5 Rd7 26. Ne2 Bc5 27. Be3 Nxe3 28. fxe3 Bf7 29. Rb1 Bxa2 30. Ra1 Bc4 31. Nd4 Bxd4 32. cxd4 a5 33. Qa3 Ra8 34. Reb1 Qc6 35. Qb2 Rc7 36. Rc1 g6 37. Re1 h5 38. Rac1 b4 39. c3 b3 40. Qa3 a4 41. Red1 Rb7 42. Rd2 Ra6 43. Rb2 Bd3 44. Rd2 Qc4 45. Rb2 Rab6 46. d5 Bc2 47. d6 Qxc3 48. Rbxc2 Qxe3+ 49. Rf2 1-0

[Event "Scarborough CC Fall Swiss"]
[Site "Toronto CAN"]
[Date "2008.10.30"]
[Round "1"]
[White "Casareno, Erwin"]
[Black "Manalo, Pepin"]
[Result "1-0"]
[WhiteElo "2214"]
[BlackElo "1825"]
[PlyCount "81"]
[GameId "2160767910294535"]
[EventDate "2008.10.30"]
[EventType "swiss"]
[EventRounds "8"]
[EventCountry "CAN"]
[SourceTitle "EXT 2011"]
[Source "ChessBase"]
[SourceDate "2011.11.26"]
[SourceVersion "1"]
[SourceVersionDate "2011.11.26"]
[SourceQuality "1"]

1. e4 c5 2. Nf3 d6 3. d4 cxd4 4. Nxd4 Nf6 5. Nc3 a6 6. Be3 e6 7. Qd2 Be7 8. f3 Nbd7 9. g4 Ne5 10. g5 Nfd7 11. f4 Nc6 12. O-O-O Qa5 13. Nb3 Qc7 14. f5 Nde5 15. h4 b5 16. Be2 b4 17. Na4 Rb8 18. Rhf1 Bd7 19. f6 gxf6 20. gxf6 Bf8 21. Bf4 Na7 22. Bxe5 Bxa4 23. Bxd6 Bxd6 24. Qxd6 Qxd6 25. Rxd6 Bb5 26. Bxb5+ axb5 27. Rg1 Nc8 28. Rd4 Ra8 29. Rxb4 Nd6 30. a3 Kd7 31. e5 Nf5 32. Rxb5 Kc6 33. Rc5+ Kb6 34. Rg4 Ra6 35. Rb4+ Ka7 36. Rc7+ Ka8 37. Rbb7 Nxh4 38. Nc5 Ra5 39. b4 Rxa3 40. Nd7 Ra6 41. b5 1-0

[Event "Scarborough CC Fall Swiss"]
[Site "Toronto CAN"]
[Date "2008.10.30"]
[Round "1"]
[White "Derraugh, Geordie"]
[Black "Corvo, Paul"]
[Result "1-0"]
[WhiteElo "2087"]
[BlackElo "1765"]
[PlyCount "93"]
[GameId "2160767910294536"]
[EventDate "2008.10.30"]
[EventType "swiss"]
[EventRounds "8"]
[EventCountry "CAN"]
[SourceTitle "EXT 2011"]
[Source "ChessBase"]
[SourceDate "2011.11.26"]
[SourceVersion "1"]
[SourceVersionDate "2011.11.26"]
[SourceQuality "1"]

1. e4 e6 2. d4 d5 3. exd5 exd5 4. c4 Nf6 5. Nf3 Bb4+ 6. Bd2 Bxd2+ 7. Nbxd2 O-O 8. Be2 dxc4 9. Nxc4 c6 10. O-O Nbd7 11. Qd2 Nb6 12. Nce5 Be6 13. Ng5 Bd5 14. Qf4 h6 15. Ngf3 Qd6 16. Qh4 Be4 17. Rad1 Qd5 18. b3 Qe6 19. Rfe1 Qf5 20. Bd3 Bxd3 21. Nxd3 Nbd5 22. Nfe5 Rac8 23. g4 Qg5 24. Qg3 Ne8 25. Nd7 Nef6 26. Nxf8 Rxf8 27. h3 Nc3 28. Rc1 Nce4 29. Qf4 Qa5 30. Rxe4 Nxe4 31. Qxe4 Qxa2 32. Nc5 Qa3 33. Qe3 b6 34. Nd7 Rc8 35. Re1 Qd6 36. Ne5 Re8 37. Qc3 Qd5 38. Ra1 c5 39. Nf3 Re4 40. dxc5 bxc5 41. Rc1 Rf4 42. Ne1 h5 43. Ng2 Rf3 44. Qxc5 Qxb3 45. Qxh5 g6 46. Rc8+ Kg7 47. Qh8# 1-0

[Event "Scarborough CC Fall Swiss"]
[Site "Toronto CAN"]
[Date "2008.10.30"]
[Round "1"]
[White "Douglas, Richard"]
[Black "Jizan, Masoud"]
[Result "0-1"]
[WhiteElo "1834"]
[BlackElo "1614"]
[PlyCount "43"]
[GameId "2160767910294537"]
[EventDate "2008.10.30"]
[EventType "swiss"]
[EventRounds "8"]
[EventCountry "CAN"]
[SourceTitle "EXT 2011"]
[Source "ChessBase"]
[SourceDate "2011.11.26"]
[SourceVersion "1"]
[SourceVersionDate "2011.11.26"]
[SourceQuality "1"]

1. e4 e5 2. Nf3 Nc6 3. Bc4 Nf6 4. d3 Bc5 5. O-O O-O 6. c3 d5 7. exd5 Nxd5 8. d4 exd4 9. cxd4 Bb6 10. b3 Na5 11. Bxd5 Qxd5 12. Nc3 Qd8 13. Bb2 Nc6 14. Ne4 Bg4 15. d5 Bxf3 16. gxf3 Nb4 17. Ba3 a5 18. Kh1 Re8 19. d6 cxd6 20. Nxd6 Re6 21. Nf5 Qf6 22. Qb1 0-1

[Event "Scarborough CC Fall Swiss"]
[Site "Toronto CAN"]
[Date "2008.10.30"]
[Round "1"]
[White "Ferreira, Alex"]
[Black "Maister, Martin"]
[Result "1-0"]
[WhiteElo "1960"]
[BlackElo "1756"]
[PlyCount "51"]
[GameId "2160767910294538"]
[EventDate "2008.10.30"]
[EventType "swiss"]
[EventRounds "8"]
[EventCountry "CAN"]
[SourceTitle "EXT 2011"]
[Source "ChessBase"]
[SourceDate "2011.11.26"]
[SourceVersion "1"]
[SourceVersionDate "2011.11.26"]
[SourceQuality "1"]

1. e4 c5 2. Nf3 d6 3. d4 cxd4 4. Nxd4 Nf6 5. Nc3 a6 6. a4 e6 7. Bc4 Be7 8. O-O O-O 9. f4 Nc6 10. Nb3 b6 11. Be3 Nb4 12. e5 Ne8 13. f5 d5 14. Bd3 Nxd3 15. Qxd3 Nc7 16. Bxb6 Rb8 17. a5 Bb7 18. Nd4 exf5 19. e6 Qc8 20. Nxf5 Bb4 21. e7 Re8 22. Qg3 Ne6 23. Rae1 g6 24. Nh6+ Kg7 25. Rxf7+ Kh8 26. Qe5+ 1-0

[Event "Scarborough CC Fall Swiss"]
[Site "Toronto CAN"]
[Date "2008.10.30"]
[Round "1"]
[White "Gillis, Doug"]
[Black "Rapoport, Alexander"]
[Result "0-1"]
[WhiteElo "1712"]
[BlackElo "1895"]
[PlyCount "78"]
[GameId "2160767910294539"]
[EventDate "2008.10.30"]
[EventType "swiss"]
[EventRounds "8"]
[EventCountry "CAN"]

1. e4 c5 2. Nf3 e6 3. d4 cxd4 4. Nxd4 a6 5. Nc3 Qc7 6. g3 Nc6 7. Bg2 b5 8. O-O Bb7 9. Re1 Rc8 10. Be3 Nf6 11. a3 Na5 12. Bg5 Nc4 13. Bxf6 gxf6 14. Nd5 Bxd5 15. exd5 e5 16. Qf3 Be7 17. Nf5 Nd6 18. Nxe7 Kxe7 19. c3 Qc4 20. Rad1 h5 21. Rd4 Qb3 22. Rf4 Qxb2 23. Rxf6 Qxc3 24. Re3 Qa1+ 25. Bf1 Rc1 26. Rxd6 Rxf1+ 27. Kg2 Kxd6 28. Qf6+ Kc7 29. Qxh8 Rg1+ 30. Kh3 Qf1+ 31. Kh4 Qc4+ 32. f4 Rh1 33. Qxe5+ Kb6 34. Qd6+ Ka5 35. Qe5 Rxh2+ 36. Kg5 Rd2 37. Rc3 Rxd5 38. Rxc4 Rxe5+ 39. fxe5 bxc4 0-1

[Event "Scarborough CC Fall Swiss"]
[Site "Toronto CAN"]
[Date "2008.10.30"]
[Round "1"]
[White "Krupka, David"]
[Black "Wilker, Marcus"]
[Result "1/2-1/2"]
[WhiteElo "2262"]
[BlackElo "1832"]
[PlyCount "74"]
[GameId "2160767910294540"]
[EventDate "2008.10.30"]
[EventType "swiss"]
[EventRounds "8"]
[EventCountry "CAN"]
[SourceTitle "EXT 2011"]
[Source "ChessBase"]
[SourceDate "2011.11.26"]
[SourceVersion "1"]
[SourceVersionDate "2011.11.26"]
[SourceQuality "1"]

1. d4 Nf6 2. c4 e6 3. Nc3 Bb4 4. a3 Bxc3+ 5. bxc3 c5 6. e3 Nc6 7. Bd3 d6 8. Nf3 Qc7 9. Qc2 Ne7 10. O-O e5 11. Nd2 Bd7 12. f3 Ng6 13. d5 Qc8 14. Rb1 Rb8 15. Rf2 Ng8 16. Ne4 Ke7 17. Ng3 Nh6 18. e4 Qe8 19. Nh5 Rg8 20. Be3 f6 21. Nxg7 Rxg7 22. Bxh6 Rg8 23. g3 Nf4 24. Bxf4 exf4 25. g4 Qh5 26. Rg2 Qe5 27. Kf2 Kd8 28. Rbg1 Kc7 29. h4 h6 30. h5 Rg7 31. Qd2 Rbg8 32. Ke1 Qg5 33. Qf2 Be8 34. Bf1 Ba4 35. Bd3 Qe5 36. Qd2 Qg5 37. Qf2 Qe5 1/2-1/2

[Event "Scarborough CC Fall Swiss"]
[Site "Toronto CAN"]
[Date "2008.10.30"]
[Round "1"]
[White "Kurkowski, Ken"]
[Black "Wu, Aaron"]
[Result "0-1"]
[WhiteElo "1624"]
[BlackElo "1837"]
[PlyCount "70"]
[GameId "2160767910294541"]
[EventDate "2008.10.30"]
[EventType "swiss"]
[EventRounds "8"]
[EventCountry "CAN"]
[SourceTitle "EXT 2011"]
[Source "ChessBase"]
[SourceDate "2011.11.26"]
[SourceVersion "1"]
[SourceVersionDate "2011.11.26"]
[SourceQuality "1"]

1. e4 c5 2. Nf3 Nc6 3. Bb5 a6 4. Bxc6 bxc6 5. d4 cxd4 6. Qxd4 d6 7. h3 e5 8. Qd1 Nf6 9. Nc3 Be7 10. O-O O-O 11. Bg5 Be6 12. Qd2 Qc7 13. Rfd1 Rfd8 14. Qe2 Rab8 15. Rab1 a5 16. a3 Rb7 17. b4 Rdb8 18. Qd2 axb4 19. axb4 Qc8 20. Bxf6 gxf6 21. b5 cxb5 22. Nd5 Bxd5 23. Qxd5 Qxc2 24. Rdc1 Qe2 25. Nh4 Bf8 26. Nf5 Rd7 27. Rb3 Kh8 28. Rcb1 b4 29. Qc6 Rdd8 30. Rg3 Qa2 31. Rd1 Qe6 32. Qc7 Rdc8 33. Qa7 b3 34. Qe3 b2 35. Rb1 Qa2 0-1

[Event "Scarborough CC Fall Swiss"]
[Site "Toronto CAN"]
[Date "2008.10.30"]
[Round "1"]
[White "Lamb, Bryan"]
[Black "Xia, Linda"]
[Result "1-0"]
[WhiteElo "2183"]
[BlackElo "1576"]
[PlyCount "71"]
[GameId "2160767910294542"]
[EventDate "2008.10.30"]
[EventType "swiss"]
[EventRounds "8"]
[EventCountry "CAN"]
[SourceTitle "EXT 2011"]
[Source "ChessBase"]
[SourceDate "2011.11.26"]
[SourceVersion "1"]
[SourceVersionDate "2011.11.26"]
[SourceQuality "1"]

1. e4 e5 2. Nf3 Nf6 3. Nxe5 Qe7 4. d4 d6 5. Nf3 Nxe4 6. Be2 d5 7. O-O Be6 8. Re1 Qd7 9. c4 Bb4 10. Ne5 Qe7 11. Nd2 Bxd2 12. Bxd2 Nd7 13. Nxd7 Qxd7 14. Bb4 O-O-O 15. Qc2 f5 16. c5 g5 17. Reb1 f4 18. f3 Bf5 19. fxe4 Bxe4 20. Bd3 Qg7 21. Bc3 Bxd3 22. Qxd3 Rhf8 23. Rf1 Rde8 24. Rae1 h5 25. Rxe8+ Rxe8 26. Re1 Rf8 27. Qe2 c6 28. Qe6+ Kb8 29. Qd6+ Ka8 30. Re7 Qg8 31. Ba5 f3 32. Rxb7 f2+ 33. Kf1 Rc8 34. Qd7 a6 35. Ra7+ Kb8 36. Qb7# 1-0

[Event "Scarborough CC Fall Swiss"]
[Site "Toronto CAN"]
[Date "2008.10.30"]
[Round "1"]
[White "Mesiti, Silvano"]
[Black "Villalobos, Oscar"]
[Result "0-1"]
[WhiteElo "1758"]
[BlackElo "2044"]
[PlyCount "60"]
[GameId "2160767910294543"]
[EventDate "2008.10.30"]
[EventType "swiss"]
[EventRounds "8"]
[EventCountry "CAN"]
[SourceTitle "EXT 2011"]
[Source "ChessBase"]
[SourceDate "2011.11.26"]
[SourceVersion "1"]
[SourceVersionDate "2011.11.26"]
[SourceQuality "1"]

1. e4 c5 2. Nf3 d6 3. d4 cxd4 4. Nxd4 Nf6 5. Nc3 a6 6. Bc4 e6 7. O-O Be7 8. Be3 O-O 9. Qf3 Qc7 10. Bb3 Nbd7 11. a3 b5 12. Qg3 Ne5 13. f3 Re8 14. Nce2 Nc4 15. Bxc4 Qxc4 16. b3 Qc7 17. Rac1 e5 18. Nf5 Bxf5 19. exf5 d5 20. b4 Qc4 21. Qe1 d4 22. Bd2 Nd5 23. Qd1 Bh4 24. Ng3 Bxg3 25. hxg3 Rac8 26. Rf2 Qa2 27. Be1 Ne3 28. Qd3 Qb2 29. Bd2 Rc3 30. Bxc3 Qxc1+ 0-1

[Event "Scarborough CC Fall Swiss"]
[Site "Toronto CAN"]
[Date "2008.10.30"]
[Round "1"]
[White "Paterson, Jim"]
[Black "Morra, Lui"]
[Result "1-0"]
[WhiteElo "1843"]
[BlackElo "1634"]
[PlyCount "77"]
[GameId "2160767910294544"]
[EventDate "2008.10.30"]
[EventType "swiss"]
[EventRounds "8"]
[EventCountry "CAN"]
[SourceTitle "EXT 2011"]
[Source "ChessBase"]
[SourceDate "2011.11.26"]
[SourceVersion "1"]
[SourceVersionDate "2011.11.26"]
[SourceQuality "1"]

1. d4 Nf6 2. Nf3 g6 3. c4 Bg7 4. Nc3 d6 5. e4 c5 6. Be2 cxd4 7. Nxd4 Nc6 8. Be3 O-O 9. Qd2 Re8 10. f3 Bd7 11. O-O Rc8 12. Nxc6 Bxc6 13. Rfd1 a6 14. Kh1 Bd7 15. g4 Be6 16. Nd5 Nxd5 17. cxd5 Bd7 18. Rac1 b5 19. Bd4 Bf8 20. Bc3 b4 21. Bxb4 e6 22. Bxa6 Ra8 23. Bc4 Qh4 24. Bc3 Bh6 25. Qg2 Bxc1 26. Rxc1 exd5 27. Bxd5 Rac8 28. Rg1 Bc6 29. Bxc6 Rxc6 30. Qd2 Qh3 31. Qf2 Rc4 32. Rg3 Qh6 33. g5 Qh4 34. Qd2 d5 35. Qxd5 Rec8 36. Qe5 Rxc3 37. bxc3 Rd8 38. Rg1 Rd2 39. Rb1 1-0

[Event "Scarborough CC Fall Swiss"]
[Site "Toronto CAN"]
[Date "2008.10.30"]
[Round "1"]
[White "Samaroo, Muneshwar"]
[Black "Bossy, John"]
[Result "0-1"]
[WhiteElo "1646"]
[BlackElo "1876"]
[PlyCount "60"]
[GameId "2160767910294545"]
[EventDate "2008.10.30"]
[EventType "swiss"]
[EventRounds "8"]
[EventCountry "CAN"]
[SourceTitle "EXT 2011"]
[Source "ChessBase"]
[SourceDate "2011.11.26"]
[SourceVersion "1"]
[SourceVersionDate "2011.11.26"]
[SourceQuality "1"]

1. e4 c5 2. Nf3 d6 3. Bc4 Nc6 4. c3 Nf6 5. d3 g6 6. Qb3 e6 7. Bg5 Bg7 8. Bb5 Qc7 9. Nbd2 O-O 10. Bf4 e5 11. Be3 a6 12. Bxc6 Qxc6 13. h3 b5 14. Qc2 Bb7 15. c4 Rac8 16. O-O Qd7 17. b3 Nh5 18. g4 Nf4 19. Bxf4 exf4 20. Rab1 h5 21. Nh2 hxg4 22. Nxg4 f5 23. Nh2 fxe4 24. dxe4 Qxh3 25. Ndf3 Bf6 26. Kh1 Rc7 27. Rg1 Rh7 28. Rg2 Qxf3 29. Rbg1 Bxe4 30. Qc1 Rxh2+ 0-1

[Event "Scarborough CC Fall Swiss"]
[Site "Toronto CAN"]
[Date "2008.10.30"]
[Round "1"]
[White "Sellars, Karl"]
[Black "Moysoski, Randy"]
[Result "1-0"]
[WhiteElo "2154"]
[BlackElo "1804"]
[PlyCount "77"]
[GameId "2160767910294546"]
[EventDate "2008.10.30"]
[EventType "swiss"]
[EventRounds "8"]
[EventCountry "CAN"]
[SourceTitle "EXT 2011"]
[Source "ChessBase"]
[SourceDate "2011.11.26"]
[SourceVersion "1"]
[SourceVersionDate "2011.11.26"]
[SourceQuality "1"]

1. d4 g6 2. c4 Bg7 3. Nf3 d6 4. g3 Nd7 5. Bg2 c5 6. O-O Ngf6 7. Nc3 O-O 8. d5 a6 9. a4 Rb8 10. Qd3 Ng4 11. Nd2 Nde5 12. Qc2 f5 13. h3 Nf6 14. f4 Nf7 15. Kh2 Bd7 16. a5 e5 17. dxe6 Bxe6 18. b3 d5 19. Ba3 Qd6 20. Na4 Nd7 21. Rad1 d4 22. e3 dxe3 23. Ne4 Qc7 24. Nexc5 Nxc5 25. Bxc5 Rfe8 26. Bb6 Qe7 27. Rfe1 g5 28. Bxe3 gxf4 29. Bxf4 Rbd8 30. Bd5 Qf6 31. Nb6 Re7 32. Bxe6 Rxe6 33. Nd5 Qg6 34. Ne7+ Rxe7 35. Rxe7 Rf8 36. Qe2 Qc6 37. Rd5 Qf6 38. Rdd7 Kh8 39. Rxb7 1-0

[Event "Scarborough CC Fall Swiss"]
[Site "Toronto CAN"]
[Date "2008.10.30"]
[Round "1"]
[White "Wu, Kevin"]
[Black "Moran-Venegas, Mario"]
[Result "0-1"]
[WhiteElo "1917"]
[BlackElo "1724"]
[PlyCount "38"]
[GameId "2160767910294548"]
[EventDate "2008.10.30"]
[EventType "swiss"]
[EventRounds "8"]
[EventCountry "CAN"]

1. e4 e5 2. Nf3 Nf6 3. Nxe5 d6 4. Nf3 Nxe4 5. d4 d5 6. Bd3 Bd6 7. O-O O-O 8. Nc3 Nxc3 9. bxc3 Bg4 10. Bxh7+ Kxh7 11. Ng5+ Qxg5 12. f3 Qh4 13. g3 Bxg3 14. hxg3 Qxg3+ 15. Kh1 Kg6 16. Qd3+ Bf5 17. Bh6 Rh8 18. Qd2 Rxh6+ 19. Qxh6+ Kxh6 0-1

[Event "Scarborough CC Fall Swiss"]
[Site "Toronto CAN"]
[Date "2008.11.06"]
[Round "2"]
[White "Brammall, Stuart"]
[Black "Armstrong, Robert J"]
[Result "0-1"]
[WhiteElo "1682"]
[BlackElo "1804"]
[PlyCount "56"]
[GameId "2160767910294549"]
[EventDate "2008.10.30"]
[EventType "swiss"]
[EventRounds "8"]
[EventCountry "CAN"]
[SourceTitle "EXT 2011"]
[Source "ChessBase"]
[SourceDate "2011.11.26"]
[SourceVersion "1"]
[SourceVersionDate "2011.11.26"]
[SourceQuality "1"]

1. e4 g6 2. d4 Bg7 3. Nc3 d6 4. Be3 Nf6 5. f3 O-O 6. Qd2 c6 7. O-O-O b5 8. a3 a5 9. e5 Nfd7 10. Bh6 b4 11. axb4 axb4 12. Nb1 c5 13. Bxg7 Kxg7 14. f4 Ra1 15. Nf3 Ba6 16. f5 Qa5 17. Qe3 c4 18. Kd2 Qa2 19. Bxc4 Qxc4 20. fxg6 hxg6 21. h4 Rc8 22. Qe4 Ra2 23. h5 Rxb2 24. Ke3 Rxb1 25. Rxb1 Qe2+ 26. Kf4 dxe5+ 27. dxe5 Rc4 28. Qxc4 Qxc4+ 0-1

[Event "Scarborough CC Fall Swiss"]
[Site "Toronto CAN"]
[Date "2008.11.06"]
[Round "2"]
[White "Corvo, Paul"]
[Black "Kurkowski, Ken"]
[Result "1-0"]
[WhiteElo "1765"]
[BlackElo "1624"]
[PlyCount "77"]
[GameId "2160767910294550"]
[EventDate "2008.10.30"]
[EventType "swiss"]
[EventRounds "8"]
[EventCountry "CAN"]
[SourceTitle "EXT 2011"]
[Source "ChessBase"]
[SourceDate "2011.11.26"]
[SourceVersion "1"]
[SourceVersionDate "2011.11.26"]
[SourceQuality "1"]

1. e4 c5 2. Nf3 Nc6 3. d4 cxd4 4. Nxd4 Nf6 5. Nc3 e5 6. Ndb5 d6 7. Bg5 a6 8. Na3 b5 9. Bxf6 gxf6 10. Nd5 Be7 11. c3 f5 12. Bd3 f4 13. g3 Bg5 14. gxf4 Bxf4 15. Nxf4 exf4 16. Qh5 Ne5 17. Be2 Qf6 18. f3 Qg6 19. Qh4 Qg2 20. Rf1 Ng6 21. Qf6 Be6 22. Rd1 Rd8 23. Nxb5 axb5 24. Bxb5+ Bd7 25. Qxd6 Qh3 26. Rf2 Qe6 27. Qc7 Ne5 28. Rd6 Qe7 29. Rd5 f6 30. Bxd7+ Rxd7 31. Qc8+ Rd8 32. Rxd8+ Qxd8 33. Qxd8+ Kxd8 34. Rd2+ Kc7 35. Kf2 Ra8 36. b3 Ra6 37. Kg2 Rd6 38. Rxd6 Kxd6 39. Kh3 1-0

[Event "Scarborough CC Fall Swiss"]
[Site "Toronto CAN"]
[Date "2008.11.06"]
[Round "2"]
[White "Hall, John2"]
[Black "Paterson, Jim"]
[Result "1-0"]
[WhiteElo "2208"]
[BlackElo "1843"]
[PlyCount "69"]
[GameId "2160767910294551"]
[EventDate "2008.10.30"]
[EventType "swiss"]
[EventRounds "8"]
[EventCountry "CAN"]
[SourceTitle "EXT 2011"]
[Source "ChessBase"]
[SourceDate "2011.11.26"]
[SourceVersion "1"]
[SourceVersionDate "2011.11.26"]
[SourceQuality "1"]

1. d4 e6 2. c4 c5 3. d5 exd5 4. cxd5 d6 5. Nf3 Nf6 6. Nc3 Bf5 7. Bg5 Be7 8. e3 a6 9. Qa4+ Nbd7 10. Qf4 Bg6 11. Bxf6 Nxf6 12. Nd2 b5 13. e4 O-O 14. Be2 Nd7 15. g4 Ne5 16. h4 Bxh4 17. Qh2 b4 18. Nd1 Bf6 19. f4 Nxg4 20. Bxg4 h6 21. f5 Bh7 22. Nc4 Re8 23. Nf2 Be5 24. Qg2 Qf6 25. O-O-O a5 26. Kb1 a4 27. Bf3 Bf4 28. Ng4 Qg5 29. Rh5 Qe7 30. Nxh6+ Bxh6 31. Rxh6 Kh8 32. Rxh7+ Kxh7 33. Rh1+ Kg8 34. Qh2 f6 35. Qh8+ 1-0

[Event "Scarborough CC Fall Swiss"]
[Site "Toronto CAN"]
[Date "2008.11.06"]
[Round "2"]
[White "Jizan, Masoud"]
[Black "Ferreira, Alex"]
[Result "0-1"]
[WhiteElo "1614"]
[BlackElo "1960"]
[PlyCount "69"]
[GameId "2160767910294552"]
[EventDate "2008.10.30"]
[EventType "swiss"]
[EventRounds "8"]
[EventCountry "CAN"]
[SourceTitle "EXT 2011"]
[Source "ChessBase"]
[SourceDate "2011.11.26"]
[SourceVersion "1"]
[SourceVersionDate "2011.11.26"]
[SourceQuality "1"]

1. e4 c5 2. f4 d5 3. exd5 Qxd5 4. Nc3 Qd8 5. Nf3 Nf6 6. Bc4 e6 7. O-O a6 8. a4 Nc6 9. Re1 Be7 10. d3 O-O 11. Be3 Nd5 12. Nxd5 exd5 13. Bb3 Na5 14. Ba2 b5 15. Ne5 Bb7 16. Bd2 Nc6 17. c3 Nxe5 18. fxe5 d4 19. Qg4 Kh8 20. Rf1 Bd5 21. c4 Be6 22. Qe4 b4 23. Bb3 Bg5 24. Bxg5 Qxg5 25. Rf2 Qg6 26. Qxg6 fxg6 27. Raf1 Rf5 28. Bd1 h5 29. Bf3 Re8 30. Be4 Rxf2 31. Rxf2 Kh7 32. a5 Bf5 33. Bb7 Bxd3 34. Bxa6 Ra8 35. Bb7 0-1

[Event "Scarborough CC Fall Swiss"]
[Site "Toronto CAN"]
[Date "2008.11.06"]
[Round "2"]
[White "Manalo, Pepin"]
[Black "Gillis, Doug"]
[Result "1-0"]
[WhiteElo "1825"]
[BlackElo "1712"]
[PlyCount "43"]
[GameId "2160767910294553"]
[EventDate "2008.10.30"]
[EventType "swiss"]
[EventRounds "8"]
[EventCountry "CAN"]
[SourceTitle "EXT 2011"]
[Source "ChessBase"]
[SourceDate "2011.11.26"]
[SourceVersion "1"]
[SourceVersionDate "2011.11.26"]
[SourceQuality "1"]

1. e4 e6 2. Nc3 d5 3. d4 dxe4 4. Nxe4 Qd5 5. Qd3 Nc6 6. c3 e5 7. dxe5 Qxd3 8. Bxd3 Nxe5 9. Be2 Bf5 10. Ng3 Nd3+ 11. Bxd3 Bxd3 12. Bf4 O-O-O 13. O-O-O Bc5 14. f3 Ne7 15. N1e2 Ng6 16. Bd2 Rhe8 17. Nf4 Nxf4 18. Bxf4 Be3+ 19. Bxe3 Rxe3 20. Rhe1 Rde8 21. Rxe3 Rxe3 22. Kd2 1-0

[Event "Scarborough CC Fall Swiss"]
[Site "Toronto CAN"]
[Date "2008.11.06"]
[Round "2"]
[White "Moffat, Andrei"]
[Black "Beal, Greg"]
[Result "1-0"]
[WhiteElo "2144"]
[BlackElo "1829"]
[PlyCount "81"]
[GameId "2160767910294554"]
[EventDate "2008.10.30"]
[EventType "swiss"]
[EventRounds "8"]
[EventCountry "CAN"]
[SourceTitle "EXT 2011"]
[Source "ChessBase"]
[SourceDate "2011.11.26"]
[SourceVersion "1"]
[SourceVersionDate "2011.11.26"]
[SourceQuality "1"]

1. a3 e5 2. c4 Nf6 3. Qc2 Nc6 4. e3 Be7 5. b4 d6 6. Bb2 Be6 7. Ne2 Qd7 8. Ng3 h5 9. Bd3 O-O-O 10. b5 Nb8 11. Nc3 h4 12. Nf5 Bf8 13. g3 hxg3 14. Nxg3 g6 15. Nge4 Nxe4 16. Nxe4 f5 17. Ng5 Bg8 18. O-O-O Bg7 19. Kb1 Qe7 20. h4 Nd7 21. Be2 Nc5 22. d4 exd4 23. exd4 Ne6 24. Nxe6 Qxe6 25. d5 Qf7 26. Rdg1 Bxb2 27. Qxb2 Bh7 28. Bd3 Rhg8 29. Qd4 Kb8 30. a4 Qg7 31. Qxg7 Rxg7 32. Bxf5 Rf8 33. Be6 Bg8 34. h5 Bxe6 35. dxe6 g5 36. h6 Rg6 37. h7 Rh8 38. e7 Re6 39. Rxg5 Rxe7 40. Rg8+ Re8 41. Rxe8+ 1-0

[Event "Scarborough CC Fall Swiss"]
[Site "Toronto CAN"]
[Date "2008.11.06"]
[Round "2"]
[White "Moran-Venegas, Mario"]
[Black "Sellars, Karl"]
[Result "0-1"]
[WhiteElo "1724"]
[BlackElo "2154"]
[PlyCount "88"]
[GameId "2160767910294555"]
[EventDate "2008.10.30"]
[EventType "swiss"]
[EventRounds "8"]
[EventCountry "CAN"]
[SourceTitle "EXT 2011"]
[Source "ChessBase"]
[SourceDate "2011.11.26"]
[SourceVersion "1"]
[SourceVersionDate "2011.11.26"]
[SourceQuality "1"]

1. f4 g6 2. Nf3 Nf6 3. e3 Bg7 4. Be2 d6 5. O-O Nbd7 6. d4 O-O 7. b3 e5 8. fxe5 dxe5 9. Bb2 Re8 10. h3 e4 11. Nh2 h5 12. c4 Qe7 13. Nc3 Bh6 14. Bc1 Nf8 15. Qe1 Bg5 16. c5 Ne6 17. Bc4 c6 18. h4 Bh6 19. Qf2 Bg7 20. Bd2 Nc7 21. Rac1 Be6 22. Bxe6 Qxe6 23. Ne2 Nfd5 24. g3 Rad8 25. Nf4 Nxf4 26. gxf4 Rd5 27. Qg2 Kh7 28. Be1 Bf6 29. Kh1 Qe7 30. Qh3 Ne6 31. f5 Ng7 32. fxg6+ fxg6 33. Rf4 Nf5 34. Bf2 Qe6 35. Rg1 Bd8 36. Nf1 Bc7 37. Bg3 Bxf4 38. Bxf4 Nxd4 39. Qxe6 Nxe6 40. Bd6 Nxc5 41. Bxc5 Rxc5 42. Rg2 Rc1 43. Rf2 Kg7 44. Kg2 Rf8 0-1